[Event "GBR-ch89"]
[Site "Torquay"]
[Date "2002.08.05"]
[Round "7"]
[White "Martyn, Rafe"]
[Black "Jones, Richard S"]
[Result "0-1"]
[WhiteElo "2201"]
[BlackElo "2234"]
[PlyCount "50"]
[EventDate "2002.07.29"]
[EventType "swiss"]
[EventRounds "11"]
[EventCountry "GBR"]
[SourceTitle "BritBase"]
[Source "John Saunders"]
[SourceDate "2008.07.14"]
[SourceVersion "1"]
[SourceVersionDate "2008.07.14"]
[SourceQuality "2"]

1. d4 Nf6 2. c4 c6 3. Nc3 d5 4. e3 a6 5. Qc2 e6 6. Nf3 Be7 7. Bd3 b5 8. b3 O-O
9. O-O Nbd7 10. Bb2 Bb7 11. Ne5 bxc4 12. bxc4 dxc4 13. Bxc4 c5 14. Rfd1 Qc7 15.
Nxd7 Qxd7 16. d5 exd5 17. Nxd5 Nxd5 18. e4 Nb4 19. Rxd7 Nxc2 20. Rad1 Rad8 21.
Bb3 Bxe4 22. f3 Bf5 23. Rxd8 Rxd8 24. Rxd8+ Bxd8 25. g4 Bd3 0-1

[Event "GBR-ch89"]
[Site "Torquay"]
[Date "2002.08.05"]
[Round "7"]
[White "Muir, Andrew J"]
[Black "Shaw, David A"]
[Result "1/2-1/2"]
[WhiteElo "2294"]
[BlackElo "2190"]
[PlyCount "168"]
[EventDate "2002.07.29"]
[EventType "swiss"]
[EventRounds "11"]
[EventCountry "GBR"]
[SourceTitle "BritBase"]
[Source "John Saunders"]
[SourceDate "2008.07.14"]
[SourceVersion "1"]
[SourceVersionDate "2008.07.14"]
[SourceQuality "2"]

1. Nf3 e6 2. g3 d5 3. Bg2 Bd6 4. O-O Nf6 5. d4 O-O 6. c4 c6 7. Qc2 Ne4 8. b3
Qe7 9. Bb2 f5 10. Ne5 Nd7 11. e3 g5 12. Nd2 g4 13. Nxe4 dxe4 14. Rfd1 Nf6 15.
a4 Rd8 16. Qc1 h5 17. Ba3 Nh7 18. Bxd6 Qxd6 19. Qb2 Ng5 20. Rd2 h4 21. gxh4 Nf7
22. Ng6 Kh7 23. h5 Rg8 24. Rad1 a5 25. Qc3 Kh6 26. Ne5 Ng5 27. d5 exd5 28. cxd5
c5 29. Nc4 Qd8 30. Qe5 Bd7 31. Kh1 Kxh5 32. Nd6 Qc7 33. Qe7 Raf8 34. Nc4 Re8
35. Qd6 Qxd6 36. Nxd6 Rb8 37. Nc4 b6 38. Ne5 Rg7 39. d6 Ne6 40. Nxd7 Rxd7 41.
Bf1 Ng5 42. Bb5 Rh7 43. d7 Rd8 44. Rd6 Nf3 45. Kg2 Kg5 46. Rh1 Nh4+ 47. Kg3 Rf7
48. Rd5 Ng6 49. h4+ gxh3 50. Rxh3 Rf6 51. Rh1 Re6 52. f4+ exf3 53. Kxf3 Ne7 54.
Rd2 Ng6 55. Rhd1 Ne5+ 56. Ke2 Kf6 57. Rf1 Ng4 58. Rf3 Ne5 59. Rf1 Ng4 60. Rd3
Re5 61. Rf3 Ke7 62. Rd1 Nf6 63. Rdf1 Nd5 64. Kd2 Nc7 65. Bd3 Rxd7 66. Rxf5 Rxf5
67. Rxf5 Rd6 68. Rh5 Rf6 69. Bc4 Kd7 70. e4 Rg6 71. e5 Ne6 72. Rh7+ Kc6 73. Rf7
Rg2+ 74. Ke3 Nd4 75. Rf6+ Kc7 76. Ke4 Rg7 77. Rf7+ Rxf7 78. Bxf7 Nc6 79. Kd5
Ne7+ 80. Ke6 Nc6 81. Kf6 Kd7 82. Bc4 Ne7 83. Bb5+ Kd8 84. Ke6 Ng6 {'and the
game was declared after many more moves in a time scramble' (bulletin)} 1/2-1/2

[Event "GBR-ch89"]
[Site "Torquay"]
[Date "2002.08.05"]
[Round "7"]
[White "Ramesh, RB"]
[Black "Ganguly, Surya Shekhar"]
[Result "1/2-1/2"]
[WhiteElo "2456"]
[BlackElo "2524"]
[PlyCount "110"]
[EventDate "2002.07.29"]
[EventType "swiss"]
[EventRounds "11"]
[EventCountry "GBR"]
[SourceTitle "BritBase"]
[Source "John Saunders"]
[SourceDate "2008.07.14"]
[SourceVersion "1"]
[SourceVersionDate "2008.07.14"]
[SourceQuality "2"]

1. e4 e5 2. Nf3 Nc6 3. Bb5 a6 4. Ba4 Nf6 5. O-O b5 6. Bb3 Bc5 7. a4 Rb8 8. c3
d6 9. d4 Bb6 10. h3 O-O 11. Re1 Bb7 12. Bg5 h6 13. Bh4 exd4 14. cxd4 g5 15. Bg3
Re8 16. axb5 axb5 17. d5 Ne5 18. Nxe5 dxe5 19. Na3 Ba5 20. Re2 Bc8 21. Nc2 Bb6
22. Re1 Qd6 23. Kh1 Bd7 24. Qf3 g4 25. hxg4 Bxg4 26. Qc3 Nh5 27. Bh4 Qg6 28.
Qc6 Nf4 29. Qxg6+ Nxg6 30. Bg3 h5 31. Ne3 Nf4 32. f3 Bd7 33. Rad1 Ba5 34. Rf1
Ne2 35. Bh4 Rb6 36. Ra1 Bd2 37. Bd1 Nd4 38. Nc2 c5 39. Ra7 Rd6 40. b4 Bxb4 41.
Nxb4 cxb4 42. Be1 b3 43. Bxb3 Bc8 44. Bb4 Rd7 45. Ra3 Nxb3 46. Rxb3 f5 47. Rc3
Rf7 48. Rfc1 Bd7 49. Rc7 fxe4 50. fxe4 Bg4 51. Rxf7 Kxf7 52. Rc7+ Kf6 53. d6
Rc8 54. Rb7 Rc4 55. Ba3 Rxe4 1/2-1/2

[Event "GBR-ch89"]
[Site "Torquay"]
[Date "2002.08.05"]
[Round "7"]
[White "Richards, Heather"]
[Black "Willmoth, Robert"]
[Result "1-0"]
[WhiteElo "2275"]
[BlackElo "2198"]
[PlyCount "57"]
[EventDate "2002.07.29"]
[EventType "swiss"]
[EventRounds "11"]
[EventCountry "GBR"]
[SourceTitle "BritBase"]
[Source "John Saunders"]
[SourceDate "2008.07.14"]
[SourceVersion "1"]
[SourceVersionDate "2008.07.14"]
[SourceQuality "2"]

1. e4 d6 2. d4 Nf6 3. Nc3 c6 4. f4 Qa5 5. e5 Ne4 6. Qf3 Nxc3 7. Bd2 Bf5 8. Bd3
e6 9. bxc3 Bxd3 10. cxd3 Qb6 11. Nh3 Qb2 12. Ke2 Qa3 13. Rhb1 Qa6 14. f5 exf5
15. Qxf5 Nd7 16. Ng5 O-O-O 17. Nxf7 Be7 18. Nxh8 Rxh8 19. Qf7 Kd8 20. e6 Nf6
21. Bg5 Rf8 22. Qxg7 Rg8 23. Qh6 Rg6 24. Qh4 Qa5 25. Bxf6 Bxf6 26. Qxh7 Rxg2+
27. Kf1 Rg7 28. Qh8+ Kc7 29. Rxb7+ 1-0

[Event "GBR-ch89"]
[Site "Torquay"]
[Date "2002.08.05"]
[Round "7"]
[White "Rowson, Jonathan"]
[Black "Koneru, Humpy"]
[Result "1/2-1/2"]
[WhiteElo "2545"]
[BlackElo "2473"]
[PlyCount "52"]
[EventDate "2002.07.29"]
[EventType "swiss"]
[EventRounds "11"]
[EventCountry "GBR"]
[SourceTitle "BritBase"]
[Source "John Saunders"]
[SourceDate "2008.07.14"]
[SourceVersion "1"]
[SourceVersionDate "2008.07.14"]
[SourceQuality "2"]

1. e4 e5 2. Nf3 Nf6 3. d4 Nxe4 4. Bd3 d5 5. Nxe5 Bd6 6. O-O O-O 7. c4 Bxe5 8.
dxe5 Nc6 9. cxd5 Qxd5 10. Qc2 Nb4 11. Bxe4 Nxc2 12. Bxd5 Bf5 13. g4 Bxg4 14.
Be4 Nxa1 15. Nc3 f5 16. exf6 Bh3 17. Re1 Rae8 18. Be3 Rxe4 19. Nxe4 Nc2 20. Rc1
Bf5 21. Rxc2 Bxe4 22. Rxc7 Rxf6 23. Bxa7 Rc6 24. Rxc6 Bxc6 25. h4 Kf7 26. Kh2
h5 1/2-1/2

[Event "GBR-ch89"]
[Site "Torquay"]
[Date "2002.08.05"]
[Round "7"]
[White "Rudd, Jack"]
[Black "Devereaux, Max"]
[Result "1-0"]
[WhiteElo "2139"]
[BlackElo "2268"]
[PlyCount "89"]
[EventDate "2002.07.29"]
[EventType "swiss"]
[EventRounds "11"]
[EventCountry "GBR"]
[SourceTitle "BritBase"]
[Source "John Saunders"]
[SourceDate "2008.07.14"]
[SourceVersion "1"]
[SourceVersionDate "2008.07.14"]
[SourceQuality "2"]

1. d4 Nf6 2. Nf3 e6 3. c4 b6 4. Bf4 Bb7 5. e3 Bb4+ 6. Nbd2 O-O 7. Bd3 d6 8. O-O
Bxd2 9. Nxd2 Nbd7 10. Qc2 h6 11. h3 Qe7 12. Bh2 e5 13. Rfe1 Rfe8 14. d5 a5 15.
b3 Nc5 16. Bf1 b5 17. a3 bxc4 18. bxc4 Reb8 19. Rab1 Bc8 20. Qc3 Rxb1 21. Rxb1
Bd7 22. f3 Ba4 23. Be2 Qe8 24. Bg3 Nfd7 25. Bf2 f5 26. Nf1 Ra6 27. Be1 Qa8 28.
Bd1 Bxd1 29. Rxd1 a4 30. Qc2 e4 31. f4 Rb6 32. Bc3 Qa6 33. Bd4 Rb3 34. g4 Rd3
35. gxf5 Rxd1 36. Qxd1 Nf6 37. Bxf6 gxf6 38. Qg4+ Kf8 39. Qg6 Qxc4 40. Qxf6+
Ke8 41. Qg6+ Kd7 42. Qg7+ Kc8 43. f6 Qxd5 44. f7 Nd7 45. Qg8+ 1-0

[Event "GBR-ch89"]
[Site "Torquay"]
[Date "2002.08.05"]
[Round "7"]
[White "Saravanan, Venkat"]
[Black "Howell, David W"]
[Result "1-0"]
[WhiteElo "2385"]
[BlackElo "2211"]
[PlyCount "69"]
[EventDate "2002.07.29"]
[EventType "swiss"]
[EventRounds "11"]
[EventCountry "GBR"]
[SourceTitle "BritBase"]
[Source "John Saunders"]
[SourceDate "2008.07.14"]
[SourceVersion "1"]
[SourceVersionDate "2008.07.14"]
[SourceQuality "2"]

1. e4 e5 2. Nf3 Nc6 3. Bb5 a6 4. Ba4 Nf6 5. Qe2 Be7 6. c3 b5 7. Bb3 O-O 8. d3
d6 9. Nbd2 h6 10. Nf1 Re8 11. Ng3 Bf8 12. O-O Na5 13. Bc2 c5 14. h3 Nc6 15. Nh2
Ra7 16. Ng4 Nxg4 17. hxg4 Be7 18. Nf5 Bg5 19. Bxg5 hxg5 20. g3 g6 21. Ne3 Be6
22. Bb3 Qc8 23. Kg2 Bxb3 24. axb3 Qe6 25. Rh1 Kg7 26. Rh3 Raa8 27. Nd5 Ra7 28.
Qe3 Ne7 29. Qxg5 Nxd5 30. Rah1 Rg8 31. exd5 Qxd5+ 32. Kg1 Raa8 33. Qe7 Rh8 34.
g5 Qe6 35. Qf6+ 1-0

[Event "GBR-ch89"]
[Site "Torquay"]
[Date "2002.08.05"]
[Round "7"]
[White "Sasikiran, Krishnan"]
[Black "Pert, Richard"]
[Result "1-0"]
[WhiteElo "2650"]
[BlackElo "2357"]
[PlyCount "91"]
[EventDate "2002.07.29"]
[EventType "swiss"]
[EventRounds "11"]
[EventCountry "GBR"]
[SourceTitle "BritBase"]
[Source "John Saunders"]
[SourceDate "2008.07.14"]
[SourceVersion "1"]
[SourceVersionDate "2008.07.14"]
[SourceQuality "2"]

1. d4 Nf6 2. Nf3 g6 3. Bg5 Bg7 4. Nbd2 d5 5. e3 O-O 6. Be2 b6 7. O-O Bb7 8. b4
c6 9. a4 Nbd7 10. b5 c5 11. c3 a5 12. h3 Re8 13. c4 e5 14. Rc1 h6 15. Bh4 Qe7
16. dxe5 Nxe5 17. Nxe5 Qxe5 18. Bxf6 Qxf6 19. Bf3 Rad8 20. Qc2 Qe6 21. Rfd1 Re7
22. cxd5 Bxd5 23. Nc4 Red7 24. Rxd5 Rxd5 25. Bxd5 Rxd5 26. Kf1 Be5 27. Re1 Bc7
28. Re2 Qf6 29. Rd2 Qa1+ 30. Ke2 Rf5 31. Rd1 Qf6 32. f3 Qh4 33. Rd7 Qg3 34. Kd1
Qh2 35. Kc1 Rg5 36. g4 Qh1+ 37. Qd1 Qh2 38. Rxc7 Qa2 39. Qd3 Qa1+ 40. Kd2 Qa2+
41. Ke1 Qg2 42. Rc8+ Kh7 43. Qd8 Qg3+ 44. Kd2 Qf2+ 45. Kc3 Qe1+ 46. Kc2 1-0

[Event "GBR-ch89"]
[Site "Torquay"]
[Date "2002.08.05"]
[Round "7"]
[White "Sherwin, James"]
[Black "Addison, Bret C"]
[Result "0-1"]
[WhiteElo "2344"]
[BlackElo "2219"]
[PlyCount "118"]
[EventDate "2002.07.29"]
[EventType "swiss"]
[EventRounds "11"]
[EventCountry "GBR"]
[SourceTitle "BritBase"]
[Source "John Saunders"]
[SourceDate "2008.07.14"]
[SourceVersion "1"]
[SourceVersionDate "2008.07.14"]
[SourceQuality "2"]

1. Nf3 d5 2. e3 Nc6 3. d4 Bg4 4. c4 e6 5. Nc3 Bb4 6. Bd2 Nf6 7. a3 Bxc3 8. Bxc3
O-O 9. Be2 Ne4 10. Rc1 Ne7 11. h3 Bh5 12. O-O c6 13. Be1 Kh8 14. g4 Bg6 15. Ne5
f6 16. Nxg6+ Nxg6 17. f3 Nd6 18. c5 Ne8 19. Bd3 f5 20. Bg3 Qd7 21. Rc2 Qf7 22.
Rg2 Ne7 23. Qe1 Rd8 24. Be5 Ng6 25. Bg3 Rd7 26. h4 Ne7 27. h5 b6 28. b4 Rb7 29.
Be5 Kg8 30. Qh4 bxc5 31. dxc5 a5 32. g5 axb4 33. axb4 Ra7 34. Ra1 Rxa1+ 35.
Bxa1 Nc7 36. g6 hxg6 37. hxg6 Nxg6 38. Qg5 Ra8 39. Bb2 Ra2 40. Bb1 Rxb2 41.
Rxb2 Ne5 42. Kf2 Qd7 43. Ra2 Nf7 44. Qf4 g6 45. Qg3 Kh7 46. Kg1 e5 47. Qh3+ Kg7
48. Rb2 Kf6 49. Qh7 g5 50. Rh2 e4 51. Rh6+ Ke7 52. Rd6 Qe8 53. fxe4 fxe4 54.
Bc2 Qa8 55. Qg7 Qa3 56. Rf6 Qa1+ 57. Kg2 Qxf6 58. Qxf6+ Kxf6 59. Ba4 Nb5 0-1

[Event "GBR-ch89"]
[Site "Torquay"]
[Date "2002.08.05"]
[Round "7"]
[White "Sowray, Peter J"]
[Black "Simpson, James"]
[Result "1/2-1/2"]
[WhiteElo "2330"]
[BlackElo "2245"]
[PlyCount "128"]
[EventDate "2002.07.29"]
[EventType "swiss"]
[EventRounds "11"]
[EventCountry "GBR"]
[SourceTitle "BritBase"]
[Source "John Saunders"]
[SourceDate "2008.07.14"]
[SourceVersion "1"]
[SourceVersionDate "2008.07.14"]
[SourceQuality "2"]

1. d4 Nf6 2. c4 e6 3. Nc3 Bb4 4. e3 O-O 5. Bd3 c5 6. Nf3 cxd4 7. exd4 d5 8. O-O
dxc4 9. Bxc4 Nc6 10. Bg5 Be7 11. Re1 h6 12. Bh4 a6 13. Rc1 b5 14. Bb3 Bb7 15.
Qd3 Nb4 16. Qe2 Nbd5 17. Bg3 Rc8 18. Ne5 Nxc3 19. Rxc3 Bd5 20. Rec1 Rxc3 21.
bxc3 Qb6 22. Bxd5 exd5 23. Bh4 Qe6 24. Bxf6 Bxf6 25. f4 Rc8 26. Qe3 Bxe5 27.
fxe5 Qc6 28. a3 Qe6 29. Rf1 Rc4 30. Qg3 Kf8 31. Qh4 Qxe5 32. Qd8+ Qe8 33. Qxd5
Rxc3 34. Qd6+ Kg8 35. Qxa6 Qe3+ 36. Kh1 Qe2 37. Rg1 Qd3 38. a4 b4 39. Qxd3 Rxd3
40. h3 Ra3 41. Rc1 Rxa4 42. Rc8+ Kh7 43. d5 b3 44. Rb8 Rd4 45. Rxb3 Rxd5 46.
Kh2 Rd4 47. g4 Re4 48. Kg3 Kg6 49. Ra3 h5 50. Ra5 Re3+ 51. Kg2 hxg4 52. hxg4
Kf6 53. Rb5 g6 54. Ra5 Re5 55. Ra3 Kg5 56. Kg3 Rc5 57. Rf3 Rc4 58. Rxf7 Rxg4+
59. Kf3 Rc4 60. Ra7 Rc3+ 61. Kg2 Kh5 62. Ra4 g5 63. Rb4 g4 64. Rb1 Rc2+ 1/2-1/2

[Event "GBR-ch89"]
[Site "Torquay"]
[Date "2002.08.05"]
[Round "7"]
[White "Taylor, Peter P"]
[Black "Mason, Don"]
[Result "1/2-1/2"]
[WhiteElo "2224"]
[BlackElo "2266"]
[PlyCount "88"]
[EventDate "2002.07.29"]
[EventType "swiss"]
[EventRounds "11"]
[EventCountry "GBR"]
[SourceTitle "BritBase"]
[Source "John Saunders"]
[SourceDate "2008.07.14"]
[SourceVersion "1"]
[SourceVersionDate "2008.07.14"]
[SourceQuality "2"]

1. c4 e5 2. g3 Nc6 3. Bg2 f5 4. Nc3 Nf6 5. d3 Bb4 6. Bd2 O-O 7. a3 Bxc3 8. Bxc3
d6 9. Nf3 Qe8 10. O-O Qh5 11. e3 f4 12. exf4 Bg4 13. c5 exf4 14. cxd6 cxd6 15.
Qb3+ Kh8 16. Nd2 Be2 17. Bxf6 gxf6 18. Rfe1 f3 19. Qxb7 Nd4 20. Qe4 Nc2 21.
Bxf3 Bxf3 22. Qxf3 Qxf3 23. Nxf3 Nxa1 24. Rxa1 Rab8 25. b4 Rbc8 26. Nd4 Rc3 27.
Nb5 Rxd3 28. Nxa7 Rb3 29. Nb5 d5 30. Rd1 Rd8 31. Rd4 Rb1+ 32. Kg2 Ra1 33. Kf3
Kg7 34. Ke3 Ra2 35. Kf3 Rd7 36. Rd3 Kf7 37. g4 Ke8 38. Kg3 Kd8 39. f4 Kc8 40.
g5 fxg5 41. fxg5 Kb7 42. h4 Kc6 43. Nd4+ Kd6 44. Nb5+ Kc6 1/2-1/2

[Event "GBR-ch89"]
[Site "Torquay"]
[Date "2002.08.05"]
[Round "7"]
[White "Thipsay, Bagyashree"]
[Black "Flear, Glenn"]
[Result "0-1"]
[WhiteElo "2264"]
[BlackElo "2538"]
[PlyCount "78"]
[EventDate "2002.07.29"]
[EventType "swiss"]
[EventRounds "11"]
[EventCountry "GBR"]
[SourceTitle "BritBase"]
[Source "John Saunders"]
[SourceDate "2008.07.14"]
[SourceVersion "1"]
[SourceVersionDate "2008.07.14"]
[SourceQuality "2"]

1. e4 e5 2. Nf3 Nc6 3. Bb5 a6 4. Ba4 Nf6 5. d4 exd4 6. O-O Be7 7. Re1 b5 8. Bb3
d6 9. Bd5 Nxd5 10. exd5 Ne5 11. Nxd4 O-O 12. Nc3 Re8 13. Bf4 Bg4 14. Qc1 Bf8
15. b3 Qc8 16. Qd2 Qb7 17. a3 Bd7 18. Nde2 a5 19. f3 b4 20. axb4 axb4 21. Ne4
Ng6 22. Bg3 Rxa1 23. Rxa1 f5 24. Nf2 Rxe2 25. Qxe2 f4 26. Qe4 fxg3 27. hxg3 Be7
28. Rd1 Bf6 29. f4 Qb6 30. Rd2 Ne7 31. Kh2 Nf5 32. Nd1 h5 33. Rd3 Kf7 34. Ne3
g6 35. Nc4 Qf2 36. Ne5+ dxe5 37. fxe5 h4 38. e6+ Kg7 39. gxh4 Bb5 0-1

[Event "GBR-ch89"]
[Site "Torquay"]
[Date "2002.08.05"]
[Round "7"]
[White "Thomas, Nicholas"]
[Black "Knott, Simon JB"]
[Result "0-1"]
[WhiteElo "2248"]
[BlackElo "2367"]
[PlyCount "86"]
[EventDate "2002.07.29"]
[EventType "swiss"]
[EventRounds "11"]
[EventCountry "GBR"]
[SourceTitle "BritBase"]
[Source "John Saunders"]
[SourceDate "2008.07.14"]
[SourceVersion "1"]
[SourceVersionDate "2008.07.14"]
[SourceQuality "2"]

1. e4 e6 2. d4 d5 3. Nc3 Bb4 4. e5 c5 5. dxc5 Nc6 6. Nf3 d4 7. a3 Ba5 8. b4
dxc3 9. bxa5 Qxd1+ 10. Kxd1 Nge7 11. Bb5 a6 12. Bxc6+ Nxc6 13. Ke2 Bd7 14. Kd3
Rc8 15. Be3 Nxa5 16. Kxc3 b6 17. Rab1 b5 18. Nd2 Bc6 19. Kb4 Nb7 20. c4 O-O 21.
cxb5 axb5 22. a4 bxa4 23. Nc4 Bxg2 24. Rhg1 Be4 25. Rbc1 Rb8 26. Nb6 Nd8 27.
Kxa4 Rb7 28. f3 Bxf3 29. Bh6 f6 30. exf6 Rxf6 31. Bg5 Rf8 32. Bxd8 Bc6+ 33. Ka5
Rxd8 34. Rgd1 Rdb8 35. Rd6 Ra7+ 36. Kb4 Bd5 37. Kb5 Ra2 38. c6 Rb2+ 39. Kc5
R8xb6 40. c7 R6b5+ 41. Kd4 Bb7 42. Rd8+ Kf7 43. Rb8 e5+ 0-1

[Event "GBR-ch89"]
[Site "Torquay"]
[Date "2002.08.05"]
[Round "7"]
[White "Trent, Lawrence"]
[Black "Cox, John J"]
[Result "0-1"]
[WhiteElo "2246"]
[BlackElo "2311"]
[PlyCount "163"]
[EventDate "2002.07.29"]
[EventType "swiss"]
[EventRounds "11"]
[EventCountry "GBR"]
[SourceTitle "BritBase"]
[Source "John Saunders"]
[SourceDate "2008.07.14"]
[SourceVersion "1"]
[SourceVersionDate "2008.07.14"]
[SourceQuality "2"]

1. e4 e6 2. d4 d5 3. Nd2 Nf6 4. e5 Nfd7 5. Bd3 c5 6. c3 Nc6 7. Ne2 Qb6 8. Nf3
cxd4 9. cxd4 f6 10. exf6 Nxf6 11. O-O Bd6 12. b3 O-O 13. Bf4 Bxf4 14. Nxf4 Nxd4
15. Nxd4 e5 16. Nxd5 Qxd4 17. Bc4 Be6 18. Qxd4 exd4 19. Ne7+ Kf7 20. Bxe6+ Kxe6
21. Rfe1+ Kf7 22. Nf5 Rfd8 23. Re7+ Kg6 24. Nh4+ Kh6 25. Rxb7 d3 26. Rd1 d2 27.
Rc7 Rd3 28. Rc2 Rad8 29. Nf3 Ne4 30. Kf1 R8d5 31. h3 g5 32. b4 Kg6 33. Rc6+ Kf5
34. Rc4 Rc3 35. Nd4+ Ke5 36. Nf3+ Kf5 37. Nd4+ Ke5 38. Nf3+ Kf4 39. Rxc3 Nxc3
40. Rxd2 Rxd2 41. Nxd2 Nxa2 42. g3+ Kf5 43. b5 Nc3 44. Nc4 Nxb5 45. Ke2 Nd4+
46. Ke3 Nc6 47. g4+ Kf6 48. f4 a5 49. Kf3 a4 50. fxg5+ Kxg5 51. Kg3 Nd4 52. h4+
Kf6 53. Kf4 Nc2 54. g5+ Kg7 55. Nd2 a3 56. Nb3 a2 57. h5 Nd4 58. Na1 Nb5 59.
Ke5 Nc7 60. Kd6 Ne8+ 61. Ke7 Nc7 62. Kd6 Nb5+ 63. Ke5 Nc3 64. Kf4 Nd1 65. Ke5
Ne3 66. Ke4 Nf1 67. Kf4 Kf8 68. Kg4 Ke7 69. Kf5 Ne3+ 70. Ke5 Nc4+ 71. Kf5 Ne3+
72. Ke5 Nf1 73. Kf5 Ng3+ 74. Kg4 Ne4 75. Kf4 Nd6 76. Ke5 Ne8 77. Kf5 Ng7+ 78.
Kg4 Ke6 79. Nc2 Ke5 80. Na1 Ne6 81. Nc2 Nd4 82. Na1 0-1

[Event "GBR-ch89"]
[Site "Torquay"]
[Date "2002.08.05"]
[Round "7"]
[White "Wall, Gavin"]
[Black "Summerscale, Aaron"]
[Result "0-1"]
[WhiteElo "2367"]
[BlackElo "2509"]
[PlyCount "84"]
[EventDate "2002.07.29"]
[EventType "swiss"]
[EventRounds "11"]
[EventCountry "GBR"]
[SourceTitle "BritBase"]
[Source "John Saunders"]
[SourceDate "2008.07.14"]
[SourceVersion "1"]
[SourceVersionDate "2008.07.14"]
[SourceQuality "2"]

1. e4 e6 2. d4 d5 3. e5 c5 4. c3 Nc6 5. Nf3 Bd7 6. dxc5 Bxc5 7. b4 Bb6 8. Bd3
f6 9. b5 Nxe5 10. Nxe5 fxe5 11. Qh5+ Kf8 12. Qxe5 Nf6 13. O-O Rc8 14. Bg5 Kf7
15. Nd2 Qc7 16. Qxc7 Rxc7 17. c4 Re8 18. Rac1 Rcc8 19. Rfe1 h6 20. Be3 Bxe3 21.
fxe3 dxc4 22. Nxc4 Ke7 23. a4 Red8 24. Bg6 Rc5 25. Na5 Rxc1 26. Rxc1 b6 27. Nc4
Rc8 28. Bd3 e5 29. Rd1 Rc5 30. Be2 Be6 31. Nd6 Nd5 32. Ne4 Rc2 33. Bf3 Nxe3 34.
Re1 Nc4 35. Nf2 Ra2 36. Nd3 Kd6 37. Rd1 Rd2 38. Nb4 Rxd1+ 39. Bxd1 Bd5 40. Bb3
Ne3 41. Bxd5 Nxd5 42. Nc6 a5 0-1

[Event "GBR-ch89"]
[Site "Torquay"]
[Date "2002.08.05"]
[Round "7"]
[White "Wheeler, John F"]
[Black "Douglas, Timothy"]
[Result "1-0"]
[WhiteElo "2235"]
[BlackElo "2174"]
[PlyCount "63"]
[EventDate "2002.07.29"]
[EventType "swiss"]
[EventRounds "11"]
[EventCountry "GBR"]
[SourceTitle "BritBase"]
[Source "John Saunders"]
[SourceDate "2008.07.14"]
[SourceVersion "1"]
[SourceVersionDate "2008.07.14"]
[SourceQuality "2"]

1. d4 Nf6 2. c4 g6 3. Nc3 Bg7 4. e4 d6 5. Be2 O-O 6. Bg5 Na6 7. Nf3 h6 8. Be3
e5 9. O-O Qe8 10. dxe5 dxe5 11. h3 b6 12. a3 Bb7 13. Qc2 Nh5 14. Rfe1 f5 15. b4
f4 16. Bc1 g5 17. c5 c6 18. cxb6 axb6 19. Bb2 Nc7 20. Na4 Nb5 21. Nxb6 Rd8 22.
Rad1 Bf6 23. Rxd8 Qxd8 24. Nc4 Ng7 25. Ncxe5 Qe8 26. Ng4 Bxb2 27. Qxb2 Nd6 28.
Nf6+ Rxf6 29. Qxf6 Nxe4 30. Bc4+ Kh7 31. Bd3 c5 32. Nd2 1-0

[Event "GBR-ch89"]
[Site "Torquay"]
[Date "2002.08.05"]
[Round "7"]
[White "Williams, Simon K"]
[Black "Webb, Laurence"]
[Result "1-0"]
[WhiteElo "2421"]
[BlackElo "2262"]
[PlyCount "119"]
[EventDate "2002.07.29"]
[EventType "swiss"]
[EventRounds "11"]
[EventCountry "GBR"]
[SourceTitle "BritBase"]
[Source "John Saunders"]
[SourceDate "2008.07.14"]
[SourceVersion "1"]
[SourceVersionDate "2008.07.14"]
[SourceQuality "2"]

1. e4 e5 2. Nf3 Nc6 3. Bc4 Bc5 4. c3 Nf6 5. d3 d6 6. h3 h6 7. Nbd2 Bb6 8. Bb3
Be6 9. Nc4 O-O 10. O-O Ne7 11. Nh4 Bxc4 12. Bxc4 c6 13. Bb3 d5 14. Qf3 Ng6 15.
Nf5 Re8 16. h4 a5 17. a4 Bc5 18. h5 Nf4 19. exd5 Qd7 20. Nxh6+ gxh6 21. d4 Qg4
22. Qxg4+ Nxg4 23. Bxf4 exd4 24. dxc6 bxc6 25. Bd1 Ne5 26. Bxe5 Rxe5 27. Bf3
Rb8 28. Rab1 Re6 29. Rfd1 Rd6 30. cxd4 Rxd4 31. Rxd4 Bxd4 32. b3 c5 33. Be2 Re8
34. Kf1 Kg7 35. Rd1 Re5 36. g3 Kf6 37. Rd3 Re6 38. Rf3+ Ke7 39. Rf4 Rf6 40.
Re4+ Kd6 41. f3 Re6 42. Rf4 Rf6 43. Rh4 Rf5 44. Kg2 Bf6 45. Rh1 Bd4 46. Bc4 Ke7
47. f4 Rf6 48. Kf3 Rd6 49. g4 Kf6 50. g5+ hxg5 51. h6 Kg6 52. h7 Rd8 53. fxg5
Bh8 54. Ke3 Rd4 55. Rh6+ Kg7 56. Rc6 Rd7 57. Bd3 Re7+ 58. Kf4 Rd7 59. Be4 Rd8
60. Rxc5 1-0

[Event "GBR-ch89"]
[Site "Torquay"]
[Date "2002.08.05"]
[Round "7"]
[White "Woodward, Timothy"]
[Black "Jones, Gawain C B"]
[Result "1-0"]
[WhiteElo "2211"]
[BlackElo "2237"]
[PlyCount "105"]
[EventDate "2002.07.29"]
[EventType "swiss"]
[EventRounds "11"]
[EventCountry "GBR"]
[SourceTitle "BritBase"]
[Source "John Saunders"]
[SourceDate "2008.07.14"]
[SourceVersion "1"]
[SourceVersionDate "2008.07.14"]
[SourceQuality "2"]

1. d4 Nf6 2. c4 c5 3. d5 b5 4. cxb5 a6 5. bxa6 g6 6. Nc3 Bxa6 7. Nf3 d6 8. g3
Bg7 9. Bg2 Nbd7 10. Rb1 Qa5 11. Bd2 O-O 12. O-O Rfb8 13. Qc2 Ne8 14. b3 c4 15.
Na4 cxb3 16. axb3 Qc7 17. Qxc7 Nxc7 18. Rfc1 Nxd5 19. Ne1 Bb7 20. e4 N5f6 21.
Rc4 Ne5 22. Rb4 Nc6 23. Rxb7 Rxb7 24. e5 Rc7 25. exf6 Bxf6 26. Rc1 Rac8 27. Nb6
Nd4 28. Rxc7 Rxc7 29. Nd5 Nxb3 30. Nxc7 Nxd2 31. Nd5 Kg7 {(=)} 32. Nxf6 Kxf6
33. Nf3 Ne4 34. Kf1 e5 35. Ke2 h6 36. Nd2 Nc3+ 37. Kd3 Nb5 38. Kc4 Nc7 39. Ne4+
Ke6 40. Nc3 f5 41. Bc6 g5 42. Nd5 Na6 43. Bb7 Nb8 44. Bc8+ Kf7 45. Bxf5 Nc6 46.
Ne3 Ne7 47. Bd7 h5 48. Nf5 Ng8 49. Bc8 d5+ 50. Kxd5 Nf6+ 51. Kxe5 Ng4+ 52. Kd5
Nxf2 53. Nd6+ 1-0

[Event "GBR-ch89"]
[Site "Torquay"]
[Date "2002.08.06"]
[Round "8"]
[White "Aarthie, Ramaswamy"]
[Black "Buckley, Simon T"]
[Result "1/2-1/2"]
[WhiteElo "2290"]
[BlackElo "2237"]
[PlyCount "40"]
[EventDate "2002.07.29"]
[EventType "swiss"]
[EventRounds "11"]
[EventCountry "GBR"]
[SourceTitle "BritBase"]
[Source "John Saunders"]
[SourceDate "2008.07.14"]
[SourceVersion "1"]
[SourceVersionDate "2008.07.14"]
[SourceQuality "2"]

1. e4 e6 2. d4 d5 3. Nd2 Nf6 4. e5 Nfd7 5. c3 c5 6. Bd3 Nc6 7. Ngf3 Be7 8. O-O
g5 9. dxc5 g4 10. Nd4 Ndxe5 11. Bb5 Bd7 12. b4 h5 13. N2b3 Ng6 14. f4 gxf3 15.
Bxc6 bxc6 16. Qxf3 Rh7 17. c4 e5 18. cxd5 Bg4 19. Qf2 Qxd5 20. Nf5 Bxf5 1/2-1/2